| 000 | 00397nam a2200145Ia 4500 | ||
|---|---|---|---|
| 008 | 220217s9999||||xx |||||||||||||| ||und|| | ||
| 020 | _a0-07-048637-9 | ||
| 082 | _a658.403 88 BRI | ||
| 100 | _aO' Brien, James, A | ||
| 245 | 0 | _aManagement information systems | |
| 250 | _a5th | ||
| 260 |
_aTata mcgraw hill _bNew Delhi _c2003 |
||
| 300 | _b323 | ||
| 650 | _aMANAGEMENT INFORMATION SYSTEM | ||
| 999 |
_c170927 _d170927 |
||